Statistieken voor Hoofdsteden per Letter - N

Klik hier om de quiz te nemen!

Algemene statistieken

  • Deze quiz is 408 keer genomen
  • De gemiddelde score is 6 van 10

Antwoordstatistieken

LandHoofdstad% Correct
KeniaNairobi
81%
Bahama'sNassau
70%
IndiaNew Delhi
70%
NigerNiamey
70%
MauritaniëNouakchott
65%
TsjaadNdjamena
61%
MyanmarNaypyidaw
56%
TongaNuku'alofa
56%
PalauNgerulmud
54%
CyprusNicosia
51%

Scoreverdeling

Percentiel versus Aantal Correcte Antwoorden

Procent van Mensen met Elke Score

Uw Scoregeschiedenis

U heeft deze quiz nog niet genomen